[Event "CalChess-ch"]
[Site "Monterey Park"]
[Date "2002.04.07"]
[Round "5"]
[White "Ramnarayan, Govind"]
[Black "Anonuevo, Kimberly"]
[Result "0-1"]
[WhiteElo "1109"]
[BlackElo "1287"]
[PlyCount "60"]
[EventDate "2002.??.??"]
[EventType "swiss"]
[EventRounds "6"]
[EventCountry "USA"]
[SourceTitle "EXT 2007"]
[Source "ChessBase"]
[SourceDate "2006.11.23"]
[SourceVersion "1"]
[SourceVersionDate "2006.11.23"]
[SourceQuality "1"]

1. e4 e5 2. Nf3 Nc6 3. Bc4 Nf6 4. Nc3 Be7 5. d3 0-0 6. 0-0 d6 7. h3 b6 8. b3 Bb7 9. Bb2 Re8 10. Ng5 d5 11. exd5 Nxd5 12. Bxd5 Bxg5 13. Be4 Re6 14. Bd5 Rh6 15. Qf3 Bf4 16. Bxf7+ Kxf7 17. g3 Rxh3 18. Kg2 Qc8 19. Nd5 Ne7 20. c4 Qd7 21. Rfe1 Nxd5 22. cxd5 Bxd5 23. Re4 Kg8 24. Kg1 Rf8 25. Qe2 Bxg3 26. fxg3 Rxg3+ 27. Kh1 Rf6 28. Bxe5 Rh6+ 29. Qh2 Rxh2+ 30. Kxh2 Qh3# 0-1